| 000 | 00796nam a2200205Ia 4500 | ||
|---|---|---|---|
| 003 | GCL | ||
| 008 | 140319s9999 xx 000 0 ara d | ||
| 040 |
_aGCL / _cGCL |
||
| 082 | 0 | 4 |
_a920.71 _bذ م |
| 100 | 1 | _aعلى محمد البجاوى | |
| 245 | 1 | 0 |
_aميزان الاعتدال فى نقد الرجال / _cعلى محمد البجاوى |
| 700 | 1 | _aالذهبى : شمس الدين ابوعبدالله محمد بن احمد بن عثمان التركمانى الفارقى | |
| 700 | 1 | _aفتحية على البجاوى | |
| 260 |
_aبيروت : _bدار احياء الكتب العربية ، _c1963 |
||
| 300 |
_aمتعدد ؛ _c24 سم |
||
| 650 | 0 | 4 | _aالادب العربى |
| 650 | 0 | 4 | _aالرجال فى الادب |
| 650 | 0 | 4 | _aتاريخ ونقد |
| 942 |
_2ddc _cREF |
||
| 999 |
_c59344 _d59344 |
||